00673 a2200193 4500010001400000020002200014035001300036037001800049082000800067090001500075100001800090245008000108260003400188270006800222300002500290942002300315999001500338952012600353 aENG-85903 a8125030794c40.00 aEN-69436 bD.B.Act / Pub14a920 c3701d370114aJagadisan, S.1 aPortraits in prosecby S. Jagadisanban anthology of biographical sketches aChennaibOrient Longmanc200? a160, Anna SalaibChennaie600 002mchegeneral@orientlongman.com a109 p.b22 cm ( Hb.) adplcENk920 / JAG c3624d3624 00102ddc40718NFICaDBADbDBADeDBAD/PUBg40.00l0o920pEN-69436r2008-09-15 00:00:00t1u3858v40.00w2008-09-15yEN